LEADER 01664nam0 22003493i 450 001 LO10033931 005 20251003044205.0 010 $a8823800412 100 $a20230419d1990 ||||0itac50 ba 101 | $aita 102 $ait 181 1$6z01$ai $bxxxe 182 1$6z01$an 183 1$6z01$anc$2RDAcarrier 200 1 $aBanche, assicurazioni e mercato unico europeo$fL. Anderloni ... [et al.] 210 $aMilano$cEGEA$dc1990 215 $aXXII, 565 p.$d24 cm. 225 | $aNewfin$fCentro studi sull'innovazione finanziaria dell'Università Bocconi$v5 410 0$1001CFI0169325$12001 $aNewfin$fCentro studi sull'innovazione finanziaria dell'Università Bocconi$v5$171202$aNewfin$c $3CFIV177411 676 $a332$9ECONOMIA FINANZIARIA$v12 676 $a332.094$9$v19 676 $a332.094$9ECONOMIA FINANZIARIA. Europa$v22 702 1$aAnderloni$b, Luisa$3CFIV051542 801 3$aIT$bIT-000000$c20230419 850 $aIT-BN0095 $aIT-NA0452 901 $bNAP IS$cISFSE $nSezione di materie economiche e sociali dell' ex Istituto sulle strutture finanziarie e lo sviluppo economico 901 $bNAP 01$cPOZZO LIB.$nVi sono collocati fondi di economia, periodici di ingegneria e scienze, periodici di economia e statistica e altri fondi comprendenti documenti di economia pervenuti in dono. 912 $aLO10033931 950 0$aBiblioteca Centralizzata di Ateneo$c1 v.$d 01POZZO LIB.ECON MON 5726$e 0101 0600188905E VMA 1 v.$fB $h20210408$i20210408 977 $a 01$a IS 996 $aBanche, assicurazioni e mercato unico europeo$9665658 997 $aUNISANNIO LEADER 04478nam 22007215 450 001 9910298453903321 005 20200705010510.0 010 $a3-319-16682-4 024 7 $a10.1007/978-3-319-16682-7 035 $a(CKB)3710000000434401 035 $a(EBL)2094646 035 $a(SSID)ssj0001525002 035 $a(PQKBManifestationID)11869187 035 $a(PQKBTitleCode)TC0001525002 035 $a(PQKBWorkID)11496959 035 $a(PQKB)10941709 035 $a(DE-He213)978-3-319-16682-7 035 $a(MiAaPQ)EBC2094646 035 $a(PPN)186395396 035 $a(EXLCZ)993710000000434401 100 $a20150620d2015 u| 0 101 0 $aeng 135 $aur|n|---||||| 181 $ctxt 182 $cc 183 $acr 200 10$aMitochondrial Function In Vivo Evaluated by NADH Fluorescence /$fby Avraham Mayevsky 205 $a1st ed. 2015. 210 1$aCham :$cSpringer International Publishing :$cImprint: Springer,$d2015. 215 $a1 online resource (285 p.) 300 $aDescription based upon print version of record. 311 $a3-319-16681-6 320 $aIncludes bibliographical references and index. 327 $a1. Introduction -- 2. Tissue Energy Metabolism and Mitochondrial Function -- 3. Spectroscopic monitoring of NADH ? Historical Overview -- 4. Technological aspects of NADH monitoring In Vivo -- 5. Monitoring of NADH together with other tissue physiological parameters -- 6. Multisite Monitoring of NADH -- 7. Responses of NADH to physiological and pathophysiological conditions -- 8. Monitoring of various organs in various animal models -- 9. Monitoring of NADH in Human brain and body organs -- 10. Discussion -- Index. 330 $aThis book covers both the technological development and biomedical applications of NADH fluorescence. Topics covered include perspectives on the history of monitoring NADH fluorescence, the relationship between mitochondrial function and other functions at the tissue level, responses of NADH to physiological and pathophysiological conditions, monitoring of NADH in the human brain and other organs, and metabolism. It also includes an in-depth look at flavoprotein (Fp) fluorescence and NADH in relation to redox state. This is an ideal book for biomedical engineers, researchers, and graduate students interested in learning the biomedical applications of NADH fluorescence. This book also: Covers multisite monitoring of NADH, as well as multiparametric responses of NADH to physiological and pathophysiological conditions, and monitoring of various organs in various animal models Describes the relationship between brain activation (i.e. epileptic activity and cortical spreading depression) and NADH redox state Presents the effects of hypoxia, hyperbaric hyperoxia, and ischemia on brain NADH fluorescence and other tissue physiological parameters    About the Author Avraham Mayevsky, Ph.D. is a Professor Emeritus in the Faculty of Life Sciences and the Brain Research Center at Bar Ilan University, Israel. He has published  more than two hundred papers in the field of mitochondrial function and tissue physiology in vivo under pathophysiological conditions. 606 $aCell physiology 606 $aLasers 606 $aPhotonics 606 $aBiochemistry 606 $aClinical biochemistry 606 $aCell Physiology$3https://scigraph.springernature.com/ontologies/product-market-codes/L33010 606 $aOptics, Lasers, Photonics, Optical Devices$3https://scigraph.springernature.com/ontologies/product-market-codes/P31030 606 $aBiochemistry, general$3https://scigraph.springernature.com/ontologies/product-market-codes/L14005 606 $aMedical Biochemistry$3https://scigraph.springernature.com/ontologies/product-market-codes/H35005 615 0$aCell physiology. 615 0$aLasers. 615 0$aPhotonics. 615 0$aBiochemistry. 615 0$aClinical biochemistry. 615 14$aCell Physiology. 615 24$aOptics, Lasers, Photonics, Optical Devices. 615 24$aBiochemistry, general. 615 24$aMedical Biochemistry. 676 $a570 676 $a571.6 676 $a572 676 $a612015 676 $a621.36 700 $aMayevsky$b Avraham$4aut$4http://id.loc.gov/vocabulary/relators/aut$01064292 906 $aBOOK 912 $a9910298453903321 996 $aMitochondrial Function In Vivo Evaluated by NADH Fluorescence$92537316 997 $aUNINA